00504nam a22001697a 4500003000800000005001700008008004100025020001800066040001700084041001200101082001600113100002000129245009200149260003500241300002000276700003800296IBSLLIB20260514070249.0260514b |||||||| |||| 00| 0 eng d a9781847370914 aIBSLLIBbeng hEnglish a323.4 bGOL aGoldfarb , Alex aDeath Of A Dissident :bThe Poisoning Of Alexander Litvinenko And The Return Of The KGB aUK :bSimon & Schuster ,c2007 a370 P ;c23 cm  aLitvinenko , Marina eCoo Author